The elements of real analysis /

This book is about: A glimpse at set theory; The real numbers; The topology of cartesian spaces; Convergence; Continuous functions; ...

Shranjeno v:
Bibliografske podrobnosti
Glavni avtor: Bartle, Robert G. 1927-
Format: Knjiga
Jezik:English
Izdano: New York : John Wiley and Sons, 1976.
Izdaja:2nd ed.
Teme:
Oznake: Označite
Brez oznak, prvi označite!
Thư viện lưu trữ: Mạng thư viện Đại học Đà Nẵng
LEADER 01003cam a2200337 i 4500
001 000048648
003 8370
005 20030327074953.0
008 010324|1976 vm 000 eng
020 |a 047105464X 
040 |a IRC  |c IRC  |d IRC 
041 0 |a eng 
082 1 4 |a 515.8  |b BA-R 
100 1 |a Bartle, Robert G.  |q (Robert Gardner),  |d 1927- 
245 0 4 |a The elements of real analysis /  |c Robert G. Bartle. 
250 |a 2nd ed. 
260 |a New York :  |b John Wiley and Sons,  |c 1976. 
300 |a xv, 480 p. :  |b ill. ;  |c 23cm. 
520 3 |a This book is about: A glimpse at set theory; The real numbers; The topology of cartesian spaces; Convergence; Continuous functions; ... 
630 0 4 |a Mathematical analysis. 
650 0 4 |a Mathematical analysis. 
OWN |a DUT 
999 |a From the UDN01 
TYP |a Monograph 
TYP |a Printed language 
980 |a Mạng thư viện Đại học Đà Nẵng